木次線の駅の愛称 - Statistics

General Stats
  • This quiz has been taken 4 times
  • The average score is 2 of 14
Answer Stats
Hint Answer % Correct
木次駅 八岐大蛇
100%
三井野原駅 高天原
67%
日登駅 素戔嗚尊
33%
亀嵩駅 少彦名命
33%
加茂中駅 事代主命
0%
幡屋駅 大原郡家
0%
出雲大東駅 神阿多津姫命
0%
南大東駅 佐世の髪飾り
0%
下久野駅 動動
0%
出雲八代駅 手摩乳
0%
出雲三成駅 大国主命
0%
出雲横田駅 奇稲田姫
0%
八川駅 脚摩乳
0%
出雲坂根駅 天真名井
0%
No matching quizzes found
Score Distribution
Percent of People with Each Score
Percentile by Number Answered
Your Score History
You have not taken this quiz